<?xml version="1.0" encoding="UTF-8"?>
<collection xmlns="http://www.loc.gov/MARC21/slim">
 <record>
  <leader>00449pamaa2200157   4500</leader>
  <controlfield tag="001">0000018723</controlfield>
  <controlfield tag="005">20091217090000.0</controlfield>
  <datafield tag="020" ind1="0" ind2="0">
   <subfield code="a">0256154627 </subfield>
  </datafield>
  <datafield tag="082" ind1=" " ind2=" ">
   <subfield code="a">657.0285 YAC</subfield>
  </datafield>
  <datafield tag="090" ind1="0" ind2="0">
   <subfield code="a">HF5679 </subfield>
   <subfield code="b">YAC 1995</subfield>
  </datafield>
  <datafield tag="100" ind1="1" ind2="0">
   <subfield code="a">Yacht </subfield>
  </datafield>
  <datafield tag="245" ind1="1" ind2="0">
   <subfield code="a">Computer accounting for Microsoft Windows  </subfield>
   <subfield code="c">Carol Yacht and Jack E. Terry.</subfield>
  </datafield>
  <datafield tag="260" ind1="0" ind2="0">
   <subfield code="a">Chicago: </subfield>
   <subfield code="b">Irwin, </subfield>
   <subfield code="c">1995.</subfield>
  </datafield>
  <datafield tag="300" ind1=" " ind2=" ">
   <subfield code="a">xiii, [GL17]p.: </subfield>
   <subfield code="b">28cm.</subfield>
  </datafield>
  <datafield tag="650" ind1="0" ind2="0">
   <subfield code="a">Accounting -- </subfield>
   <subfield code="x">Data processing </subfield>
  </datafield>
  <datafield tag="700" ind1="1" ind2="1">
   <subfield code="a">Terry, </subfield>
   <subfield code="h">Jack E. </subfield>
  </datafield>
 </record>
</collection>
